000 01110nam a2200301 i 4500
001 9581
003 ES-MaACL
005 20230906145719.0
007 t|
008 931105s1991 sp ||||1| spa d
020 _a84-7615-668-5
080 _a616.89-008.441.42
080 _a616.89-008.441.12
100 1 _aArenson, Gloria.
_922624
245 1 4 _aUna Sustancia llamada comida
_b: cómo entender, controlar y superar la adicción a la comida /
_cGloria Arenson ; traducción, F. Xavier Gisbert da Cruz, Virginia Virnesa [i.e. Vinuesa] Benítez ; revisión técnica, José María Cobo.
260 _aMadrid [etc.] :
_bMcGraw-Hill,
_cD.L. 1991.
300 _a211 p. ;
_c21 cm.
490 1 _aSerie McGraw-Hill de divulgación científica
500 _aIndice.
650 1 4 _aAnorexia.
_99844
650 1 4 _aBulimia.
_910643
700 1 _aGisbert da Cruz, F. Xavier.
_957333
700 1 _aVinuesa Benítez, Virginia.
_9115346
700 1 _aCobo, José María.
_939350
830 0 _aSerie McGraw-Hill de divulgación científica
_9178515
852 _aES-MaACL
_jL-17024
_bR.122031
999 _c9581
_d9581